000 00899nam a2200337 a 4500
003 AR-BaBNM
005 20251128202738.0
008 082120s2002 ||||||||||||||000 | spa||
020 _a84-7100-397-X
040 _cAR-BaBNM
100 1 _aMeyer, Jean
245 0 0 _aFrancia y América
_bdel siglo XVI al siglo XX
250 _a1ª ed.
260 _aMadrid
_bMapfre
_c1992
300 _a237 p.
_btablas
490 0 _aEuropa y América
_vv. 2
504 _aBibliografía para consultar p. 223-228.
650 4 _aECONOMIA
650 4 _aGUERRA
650 4 _aHISTORIA ECONOMICA
650 4 _aHISTORIA SOCIAL
650 4 _aCIENCIAS POLITICAS
650 4 _aDEMOGRAFIA
651 4 _aRepública Dominicana
651 4 _aFrancia
651 4 _aEstados Unidos
700 1 _aLedoux, Anne-Marie
_etraductor
800 1 _aGallego, José Andrés
_ecoordinador
942 _cBK
998 _cmariana
999 _c370
_d370